00729nam a2200157 a 4500008004100000020001500041041000800056100002000064245003500084250001100119260003700130300001100167500007400178505030700252655001200559 t1984 ag |||g |||| 000 0 spa d a9505470347 aspa1 aShua, Ana Maria 3aLa sueñera /cAna Maria Shua a1a ed. aBuenos Aires:bMinotauro;c1984. a109 p. aShua, A. M. (1984). La sueñera. (1a ed.). Buenos Aires : Minotauro. aUn lector compra La sueñera, un libro que contiene 250 textos. Esa noche alcanza a leer los cinco primeros. En el sexto se queda dormido. Palabra por palabra, punto por punto, sueña los 244 restantes. Pero nunca lo sabrá. Por eso vuelve al libro todas las noches. Lo mismo le sucederá a usted.  aCuentos